000 00571nam a2200181 i 4500
001 53635
003 ES-MaACL
005 20250629053018.0
007 t|
008 031105s1931 mx ||||1| spa d
100 1 _aLeón Felipe,
_d1884-1968
_971613
245 1 0 _aEspaña (oración) /
_cpor León Felipe.
260 _aMéxico :
_bUniversidad Nacional de México Autónoma, Sección Editorial,
_c1931.
300 _a24 p. ;
_c22 cm.
710 2 _aUniversidad Nacional Autónoma de México.
_97397
852 _aES-MaACL
_j1775-F-12
999 _c53635
_d53635